00971nam a2200253Ia 4500003000400000005001700004008004100021020001500062040001800077041000800095082002000103100002700123245007300150250001200223260004900235300002800284650005000312650007100362650004100433700003000474942002900504999001900533952016500552OSt20220204154109.0210716s2002 xx 000 0 und d a8172249926 cAIMIT LIBRARY aeng a658.4 21bHARO aHarris, O Jeff.916861 aOrganizational behavior /cBy Harris, O. Jeff and Hartman, Sandra J. a1st ed. aNew Delhi :bJaico Publishing House ,c2002. aXvii, 478p. ;c21.5 cm. aCommunicating concepts and information916862 aPlanned and unplanned change and organizational development916863 aPerception and the individual916864 aHartman, Sandra J.916865 2ddccBKe1stk658.4 HARO c197539d197539 00102ddc40708MBAaAIMITbAIMITcOBd2004-04-01g195.00iBill no:454;Bill dt:2004-03-01l0o658.4 HAROpMBA00104r2026-05-23 00:00:00v156.00w2021-07-16yBK